[Event "Olympiad-34"]
[Site "Istanbul"]
[Date "2000.11.05"]
[Round "8.3"]
[White "Pelletier, Yannick"]
[Black "Minasian, Artashes"]
[Result "1/2-1/2"]
[WhiteElo "2474"]
[BlackElo "2595"]
[Annotator "Pelletier,Y"]
[PlyCount "111"]
[EventDate "2000.10.28"]
[EventType "team-swiss"]
[EventRounds "14"]
[EventCountry "TUR"]
[SourceTitle "EXT 2001"]
[Source "ChessBase"]
[SourceDate "2000.11.22"]
[SourceVersion "1"]
[SourceVersionDate "2000.11.22"]
[SourceQuality "1"]
[WhiteTeam "Switzerland"]
[BlackTeam "Armenia"]
[WhiteTeamCountry "SUI"]
[BlackTeamCountry "ARM"]

{Ich rate den Leuten, die beim Nachspielen oder bei der Analyse Fritz benützen,
ihren Freund nach dem 19. Zug auszuschalten!} 1. d4 g6 2. c4 Bg7 3. Nf3 c5 4.
d5 d6 5. e4 e6 6. Nc3 Ne7 7. Be2 O-O 8. O-O e5 9. a3 f5 10. Ne1 (10. Ng5 $2 {
scheitert nach} h6 11. Ne6 Bxe6 12. dxe6 Nbc6 {kläglich}) ({Genauer war aber} 
10. b4 Na6 $140 11. Rb1 fxe4 $6 12. Nxe4 Bf5 13. Nfg5 $5) 10... Nd7 11. f3 $2 {
Ein elementarer Fehler! In Königsindisch steht f5-f4 (gefolgt von einem
Ansturm am KF) fast immer auf dem schwarzen Menü. Nach dem Textzug braucht der
Nachziehende ihn nicht einmal vorzubereiten.} ({Nach dem normalen} 11. Nd3 {
ginge 11...f4? wegen 12.Bg4 nicht, und Schwarz müsste vorerst} Nf6 {ziehen,
was nicht nur die schwarzen Angriffslinien zum KF stopft, sondern auch die
Kontrolle über c5 schwächt.} 12. f3 f4 13. b4 b6 14. a4 $5 {würde dann Sinn
machen.}) 11... f4 12. Nd3 h5 13. b4 b6 14. a4 ({Möglich war auch} 14. bxc5
bxc5 15. Rb1 g5 16. Bd2 Nf6 17. Nf2 {, obwohl Schwarz am KF sichtlich weiter
vorgerückt ist, als Weiss am DF.}) 14... a5 $1 (14... Nf6 15. Ba3) 15. bxa5
bxa5 16. Nb5 $6 {Ich übersah die gegnerische Antwort völlig!
Selbstverständlich träumte ich schon von einem Figurenopfer auf c5.} ({Deshalb
war} 16. Ba3 {angebracht, da} Nb8 $6 17. Nxc5 $1 dxc5 (17... Qb6 $2 18. Rb1)
18. Bxc5 {gute Kompensation bietet.}) 16... Nb8 $1 {[%cal Gb8a6,Ga6b4] Stellen
wir uns ein Nb4 vor: am DF sind die Chancen etwa ausgeglichen, das Zentrum ist
geschlossen, aber Schwarz hat am KF alles, was er sich wünschen kann. Sein
strategischer Vorteil wäre dann entscheidender Natur. Ich versuchte also
Ressourcen zu finden, da ich das beschriebene Szenario auf keinen Fall
zulassen wollte. Ein Opfer auf c5 kam mir als einzige Lösung vor.} 17. Kh1 $6 {
Mit der Idee 17...Na6 18.g3!?, aber warum ich den sofortigen} (17. g3 {nicht
betrachtete, weiss ich nicht...Nach} g5 18. gxf4 exf4 (18... gxf4 19. Kh1 $13 {
[%cal Gg1g8]}) 19. e5 Ng6 20. Bb2 {wäre es dem Anziehenden gelungen, das Spiel
zu komplizieren.}) 17... g5 ({Falls} 17... Na6 $6 18. g3 $1 {könnte Weiss am
KF vielleicht atmen:} g5 (18... fxg3 19. hxg3 Qd7 20. Rf2 $1 $13) 19. gxf4 exf4
$140 20. e5 $1 $132) 18. Ba3 ({Auf} 18. g3 {folgt nun} Ng6 19. gxf4 exf4 $17)
18... Na6 19. Nxc5 {Objektiv total falsch, aber der Charakter der Partie
musste geändert werden. Statt eines klaren aber risikolosen Vorteils, erhält
Schwarz eine gewonnene Stellung, in welcher aber noch viele taktische
Möglichkeiten vorhanden sind.} dxc5 (19... Nxc5 $2 20. Bxc5 dxc5 21. d6 $13)
20. d6 Nc6 21. Qd5+ Rf7 22. Nc7 ({Ich hatte doch im voraus gesehen, dass} 22.
Qxc6 $2 {an} Bb7 {scheitert, aber dieselbe Antwort hatte ich nach dem Textzug
nicht betrachtet.}) 22... Bb7 $1 $19 (22... Nxc7 23. Qxc6 Qe8 24. Qxc5 {
würde noch weissen Widerstand erlauben.}) 23. Ne6 Qf6 (23... Qc8 24. Nxg5 Nd8
25. Qd2 Rd7 $19 {war eine valable Alternative.}) 24. Nxc5 {Zwar ohne grosse
Hoffnungen hatte ich das folgende Damenopfer vor. Aber wenn man schon auf
Verlust steht...} Ncb4 ({Nach} 24... Nxc5 $5 25. Qxc5 Nd4 26. Bd3 Bf8 (26...
Nb3 27. Qb6 Nxa1 28. c5 $44) 27. Rab1 Bc6 {hätte die weisse Stellung ihre
ganze Dynamik eingebüsst, und könnte ruhig als Ruine bezeichnet werden.}) 25.
Qxb7 Rxb7 26. Nxb7 Rb8 (26... Nc2 27. c5 Nxa1 (27... Nxc5 28. Bxc5 Nxa1 29.
Bc4+ Kh7 30. Rxa1 $44) 28. Rxa1 (28. Bxa6 Qe6 $1) 28... Nb4 29. Rc1 {und man
hat mit Figur + 2 Bauern gegen eine Dame schon schlechter ausgesehen...}) 27.
c5 Rxb7 (27... Nxc5 28. Nxc5 Qxd6 29. Rac1 $17) 28. Bxa6 Nxa6 29. c6 Ra7 ({
Auch nach} 29... Rb8 30. Rac1 Bf8 31. Rfd1 Rc8 32. d7 Rd8 33. Bxf8 Kxf8 34. c7
Nxc7 35. Rxc7 Qb6 {steht Schwarz auf Gewinn}) 30. Rfd1 Bf8 (30... Qd8 31. Rac1
Ra8 32. c7 Qd7 $140 $2 33. c8=Q+ $1 Rxc8 34. Rxc8+ Qxc8 35. d7 Qd8 36. Be7 Qxe7
37. d8=Q+ Qxd8 38. Rxd8+ {und das Blatt wendet sich langsam, da a5 nicht zu
schützen ist!}) 31. Rac1 Ra8 ({Nach} 31... Nc7 32. Bc5 $1 Ra8 33. dxc7 Rc8 34.
Bxf8 Kxf8 35. Rd7 Re8 36. Rh7 $1 {hat es Schwarz noch nicht gepackt.}) 32. c7
Nxc7 33. dxc7 Bxa3 $2 ({Schwarz verpasst hier einen leichten Gewinn mittels} 
33... Rc8 34. Bxf8 Kxf8 35. Rc5 Qb6 36. Rdc1 g4 {[%csl Ra4,Rf3][%cal Gb6b3] Es
entscheidet bald die Schwäche des Bauern f3 und somit die des weissen Königs.})
34. c8=Q+ Rxc8 35. Rxc8+ Kf7 36. Rd7+ Be7 (36... Kg6 37. Rdc7 Bd6 38. Rc6) 37.
Rcc7 h4 $2 ({Dies ist der entscheidende Fehler. Dieser Tempoverlust erlaubt
Weiss, seine Türme so zu koordinieren, dass Fortschritte für den Nachziehenden
dann unmöglich sind. Richtig war} 37... Ke8 38. Rxe7+ (38. Ra7 Bc5 $19) 38...
Qxe7 39. Rxe7+ Kxe7 {Dieses Bauernendspiel ist gewonnen, z.B:} 40. g3 (40. h4 {
befürchtete mein Gegner, obwohl der Sieg einfach zu erreichen ist:} gxh4 41.
Kh2 Kd6 42. Kh3 Kc5 43. Kxh4 Kb4 $19) (40. g4 h4 $1 $19) 40... g4 $1 ({ungenau
ist} 40... Kd6 {; nach} 41. Kg2 g4 (41... Kc5 $4 42. h4 $1 gxh4 43. gxf4 exf4
44. Kh3 Kb4 45. e5 $1 $18) (41... fxg3 42. hxg3 Kc5 43. f4 $1 exf4 44. gxf4 g4
(44... gxf4 45. Kf3 Kd6 46. Kxf4 Ke6 47. Kg5 $11) 45. f5 $11) 42. h3 $1 ({nicht
} 42. fxg4 $2 hxg4 43. gxf4 (43. h3 gxh3+ 44. Kxh3 fxg3 45. Kxg3 Kc5 $19) 43...
exf4 44. h3 g3 $1 45. Kf3 Ke5 46. h4 Kf6 $19) 42... gxf3+ (42... fxg3 43. fxg4
h4 44. Kf3 $11) 43. Kxf3 fxg3 44. Kxg3 Kc5 45. Kh4 Kd4 46. Kxh5 Kxe4 47. Kg5
Kd3 48. h4 e4 49. h5 e3 50. h6 e2 51. h7 e1=Q 52. h8=Q {und obwohl Schwarz a4
erobert, wird er sich noch anstregen müssen!}) 41. Kg2 Kf6 $1 42. Kf2 (42. h3
gxh3+ 43. Kxh3 fxg3 44. Kxg3 Kg5 $19) (42. gxf4 exf4 43. Kf2 Ke5 {und eine
abwartende Politik mittels} 44. Ke2 {bringt keine Rettung, da Schwarz den
Bauern a4 einfach abholt.}) 42... Kg5 43. Kg2 fxg3 44. hxg3 gxf3+ 45. Kxf3 h4
$19) 38. Ra7 Ke8 (38... Ke6 39. Rdb7) 39. Rdb7 {[%csl Re8][%cal Ga7h7,Gh7a7]}
Qd6 (39... Bd8 40. h3 {/\ Rh7}) 40. h3 Qd8 (40... Bd8 41. Rh7 Be7 42. Kh2 {
und Schwarz kommt nicht weiter.}) 41. Rb5 Qd4 (41... Qd1+ 42. Kh2 Qxa4 43. Rxe5
Qb4 44. Raxa5 {und Weiss kann u.a. auf g5 schlagen, um den Remishafen zu
erreichen.}) 42. Rbb7 Qc5 43. Kh2 Kf7 (43... Bd8 44. Rh7 Be7 45. Rb7 $1) 44.
Rc7 Qd6 45. Rd7 Qe6 46. Rd5 (46. Rdb7 Kf6 47. Rxa5 Bd8 48. Rd5 $1 {war auch
möglich.}) 46... Qb6 (46... Kf6 47. Rdxa5 Bd8 $140 $2 48. R5a6 Bb6 49. Ra8 $18)
47. Rdd7 Qb4 48. Rdb7 Qd6 49. Rd7 Qa3 50. Rxa5 Ke6 51. Rb7 Qd3 (51... Qd6 52.
Rba7 Bd8 $140 $4 53. R5a6 Bb6 54. Rh7 $1 $18) 52. Rb6+ Kf7 53. Ra7 Qd4 54. Rbb7
Qf2 55. Rxe7+ {Es war einmal, wo Weiss für Dame und Figur nur einen Turm und
zwei Bauern besass...Nun können beide Spieler Dauerschach erzwingen.} Kf6 56.
Rf7+ 1/2-1/2

[Event "EU-Cup 17th"]
[Site "Panormo"]
[Date "2001.09.29"]
[Round "7.4"]
[White "Pelletier, Yannick"]
[Black "Vassallo Barroche, Mauricio"]
[Result "1-0"]
[WhiteElo "2531"]
[BlackElo "2470"]
[Annotator "Pelletier,Y"]
[PlyCount "69"]
[EventDate "2001.09.22"]
[EventType "team-swiss"]
[EventRounds "7"]
[EventCountry "GRE"]
[SourceTitle "CBM 084 Extra"]
[Source "ChessBase"]
[SourceDate "2001.10.26"]
[SourceVersion "1"]
[SourceVersionDate "2001.10.26"]
[SourceQuality "1"]
[WhiteTeam "Werder Bremen"]
[BlackTeam "Porto Boavista"]
[WhiteTeamCountry "GER"]
[BlackTeamCountry "POR"]

1. d4 d6 2. c4 e5 3. Nf3 Nd7 4. Nc3 g6 5. e4 Bg7 6. Be2 Nh6 7. h4 c6 8. h5 ({
Wie mir dann mein Bremer Mannschaftskamerad und Spezialist dieser Variante
Rainer Knaak mitteilte, stellt} 8. c5 $1 {[%csl Rd6,Re5] dem Nachziehenden
grosse Probleme.} exd4 9. Bxh6 Bxh6 10. Qxd4 $36 {Westerinen-Andersson,
Hastings 1972}) 8... f6 9. d5 ({Ich verbrachte viel Zeit auf die Folge} 9. hxg6
hxg6 10. Be3 Ng4 $6 (10... Qe7 {mit unklarem Spiel ist besser}) 11. Rxh8+ Bxh8
12. Nh4 $1 Nxe3 13. fxe3 Nf8 (13... Kf7 14. Bh5 gxh5 $140 15. Qxh5+ Kg8 16.
Qg6+ Bg7 17. Nf5 Qf8 18. O-O-O $18) 14. Bh5 $1 Kf7 15. Bxg6+ Nxg6 16. Qh5 Qg8
17. O-O-O $1 {konnte aber nicht daran glauben, dass Weiss genügen Kompensation
besitzt. Schwarz hat aber tatsächlich Schwierigkeiten, z.B:} Be6 18. d5 Bd7 19.
Nf5 $40) 9... c5 10. Be3 Nf7 11. Qd3 (11. Qc2 {war genauer.}) 11... a6 12. g3
Rb8 {[%cal Gb7b5]} 13. Qc2 Bh6 $6 ({Paradoxerweise führt dieser logische
Abtausch des nominell schlechten Läufers Schwierigkeiten herbei. Trotzdem war
es wegen der Entwicklungsprobleme nicht einfach, eine richtige Koordination
der schwarzen Kräfte zu erreichen, z.B:} 13... Qe7 14. O-O-O Kd8 15. Nh4 Nf8
16. f4 Bh6 17. Qd2 $36) 14. Bxh6 Nxh6 15. hxg6 hxg6 16. Qd2 g5 ({Erzwungen, da
} 16... Nf7 $2 17. Rxh8+ Nxh8 18. Qh6 {den Bauern g6 verliert. Nach dem
Textzug bekommt Weiss die Möglichkeit, den Königsflügel nach Wunsch zu
zersprengen.}) 17. O-O-O Nf8 (17... Kf7 18. Nh2 Kg7 19. Nf1 $16 (19. f4 $16))
18. Nh2 Nf7 19. Ng4 Rxh1 20. Rxh1 b5 ({Schwarz sollte vermutlich auf g4
schlagen, auch wenn der weisse Vorteil in diesem Fall ebenfalls klar wäre:} 
20... Bxg4 21. Bxg4 b5 22. Bh5 bxc4 23. f4 $36) 21. Ne3 Qa5 22. Kb1 Rb7 23. Bh5
Kd8 $6 24. Qe2 bxc4 25. Ka1 Ke8 26. f4 $1 gxf4 27. gxf4 Qd8 (27... exf4 28.
Nxc4 Qd8 29. e5 dxe5 30. Ne4 $16) 28. Qg2 ({Schnell gewonnen hätte} 28. Rg1 $1
exf4 29. Nxc4 $18) 28... exf4 29. Nxc4 Qe7 30. e5 $5 {[%csl Rd6,Rf6][%cal
Gc3e4]} ({Es führen bereits mehrere Wege nach Rom, aber dieser zentrale
Durchbruch ist thematisch, um weitere Felder für die Springer zu befreien.} 30.
Qg8 Kd8 31. Na5 Ne5 32. Nc6+ $5 Nxc6 33. dxc6 $18 {[%csl Gd5]}) 30... fxe5 (
30... dxe5 31. Ne4 Kd8 (31... Rd7 32. d6 Qe6 33. Qg7 $18) 32. d6 Nxd6 33. Nexd6
$18) 31. Bxf7+ Kxf7 32. Ne4 Rd7 33. Rh8 Rd8 $6 (33... Ke8 34. Qg6+ Kd8 35. Qf5
(35. Nexd6 Kc7 36. Nb5+ Kb8 37. Qb6+ Rb7 38. Qxa6 Rd7 39. Qb6+ Rb7 40. Qa5 $18)
35... Kc7 36. Rxf8 Rd8 37. Rf7 Bxf5 38. Rxe7+ $18) 34. Qg8+ (34. Rh6 $18) 34...
Ke8 35. Rh7 $1 {[%cal Ge4f6]} 1-0

[Event "Tel Aviv"]
[Site "Tel Aviv"]
[Date "2001.02.27"]
[Round "7"]
[White "Postny, Evgeny"]
[Black "Van Mil, Johan"]
[Result "1-0"]
[WhiteElo "2432"]
[BlackElo "2421"]
[Annotator "Postny,E"]
[PlyCount "127"]
[EventDate "2001.02.20"]
[EventType "tourn"]
[EventRounds "9"]
[EventCountry "ISR"]
[EventCategory "9"]
[SourceTitle "CBM 082"]
[Source "ChessBase"]
[SourceDate "2001.05.17"]
[SourceVersion "1"]
[SourceVersionDate "2001.05.17"]
[SourceQuality "1"]

1. d4 g6 2. c4 Bg7 3. e4 Nc6 4. Be3 d6 5. Nc3 e5 6. Nge2 Nh6 $5 {[%cal Gh6g4]
Interesting move.Black developing the knight without blocking the "f" pawn and
after f7-f5 black knight can be placed on f7.} ({Usual continuation is:} 6...
exd4 7. Nxd4 Nge7) 7. d5 Ne7 8. f3 {[%csl Yg4][%cal Gf3g4]} f5 9. Qd2 Nf7 10.
O-O-O O-O ({Deserving attention} 10... h5 {[%csl Ge3][%cal Gg7h6]} 11. Kb1 fxe4
(11... Bh6 12. f4 $36) 12. fxe4 (12. Nxe4 $142) 12... Bh6 13. Ng1 {[%cal Yg1f3]
} Ng8 {[%cal Yg8f6]} 14. Nf3 Bg4 15. Be2 a6 16. Rdf1 Qe7 $11 {1-0 Arbakov,
V-Dmitriev,I/Swidnica 1997/EXT 2000 (47)}) 11. Kb1 f4 $2 {[%mdl 16384] Wrong
choice.} ({Dubious is:} 11... c5 12. dxc6 Nxc6 (12... bxc6 13. c5 $16) 13. Nb5
fxe4 14. fxe4 Be6 15. Nec3 Qa5 16. Nd5 $14) (11... h5 {[%cal Yg8h7,Yg7h6]
seems to me the most flexible move in the position.}) 12. Bf2 g5 $146 (12... c5
13. dxc6 bxc6 14. g3 (14. c5 $1) 14... fxg3 15. hxg3 Be6 16. Nc1 a5 17. c5 d5
18. Bh3 $14 {1-0 Lein,A-Fang,J/Boston 1988/EXT 2000 (34)}) 13. h3 a6 {13...h5
was possible, of course, but the following g5-g4 advance does not scare white
too much.White's chances on the queenside are more serious.} 14. Nc1 Bd7 15.
Nb3 (15. Be2 $142 {; I was concern about} Qe8 {[%cal Gb7b5]} 16. Nb3 (16. a3 {
[%cal Ga3b4] is good enough too.}) 16... b5 {[%csl Rc3][%cal Gb5b4,Yb5c4]} {
However after} 17. c5 $1 b4 18. c6 Bxc6 (18... bxc3 19. cxd7 cxd2 20. dxe8=Q
Rfxe8 21. Rxd2 $16 {[%csl Ra6,Rc7,Ge2,Gf2,Yf7,Yg7]}) 19. dxc6 bxc3 20. Qxc3
Qxc6 21. Qxc6 Nxc6 22. Rc1 {white is clearly better.}) 15... b6 {[%csl Yb3]}
16. Be2 h5 17. Rc1 {[%cal Yb2b4,Yc4c5,Yb3a1]} Qe8 $6 {Strange move.} ({The
only plan, that black have is g5-g4 advance, even if it's not so promising.} 
17... Nh6 18. Na1 Ng6 19. b4 g4 20. hxg4 hxg4) 18. Na1 {[%cal Gb2b4]} Rb8 (
18... a5 19. Nb5 $16) 19. b4 $16 c5 (19... a5 20. a3 $16) 20. dxc6 Nxc6 21. Nc2
{[%csl Rb6,Yc2,Yd4,Gd5,Rd6][%cal Yc2b4,Yc2d4]} b5 (21... Bf6 22. Nd5 Bd8 23. b5
{with big advantage.}) 22. cxb5 axb5 23. Rhd1 ({Of course not} 23. Bxb5 $2 Nxb4
$132) 23... Bf6 {[%cal Gf6d8,Gd8b6]} 24. Nd5 Bd8 25. Na3 {[%csl Rb5]} Kg7 26.
Qb2 Ne7 27. Nc7 $1 {Black dark-squares is a key defender.} Bxc7 28. Rxc7 {
[%csl Gc7]} Nc8 29. h4 $1 Qd8 (29... g4 30. g3 {[%csl Rg7] and black king
becoming feel uncomfortable.}) 30. Rdc1 gxh4 31. Nxb5 $1 ({Also possible was} 
31. Bxh4 Qxh4 32. Rxd7 {,but I wanted to keep on the board my dark-squares
bishop.}) 31... Bxb5 ({Exchange sacrifice doesn't help:} 31... Rxb5 32. Bxb5
Bxb5 33. Rxc8 Bd3+ 34. Ka1 Qxc8 35. Rxc8 Rxc8 36. Bxh4 Rc2 37. Qb1 {[%cal
Gb1d1]} Rd2 38. Qb3 $18) 32. Bxb5 Rxb5 33. Rxc8 Qxc8 (33... Qg5 34. Rxf8 Kxf8
35. a4 Rb8 36. Be1 $18 {[%csl Ga4,Gb4]}) 34. Rxc8 Rxc8 35. a4 {[%csl Ga4,Gb4]
+-} Rb7 36. b5 Nd8 37. a5 Ra8 38. Bb6 {White queen is going to come into the
action.} ({Less accurate} 38. a6 $6 Rbb8) 38... Ne6 39. Qd2 Nd4 40. Bxd4 $2 {
Serious mistake.} (40. Qb4 $18 {was winning easily.}) 40... Rxb5+ 41. Bb2 Ra6
$1 {[%csl Yd6][%cal Ya6d6] Unpleasant surprise! Black will capture at a5
without losing his d6 pawn.Now white has to work hard again.} 42. Qc2 Rbxa5 43.
Qc7+ Kg6 {[%csl Rb1,Rb2][%cal Ga5b5]} 44. Qb7 Ra7 45. Qb8 R7a6 (45... R5a6 $1 {
was a bit more stubborn.} 46. Bc3 Ra8 47. Qb7 R8a7 48. Qc8 Rb6+ 49. Kc2 Raa6 (
49... Kg7 50. Kd3 (50. Ba5 $2 Rb5) 50... Rb3 51. Kc4 Rbb7 52. Ba5 Rb2 53. Qd8
Rc2+ 54. Kd3 Rxg2 55. Qxd6 Rxa5 (55... h3 56. Qxe5+ Kg6 57. Qf5+ $18) 56. Qc7+
Kg6 57. Qb6+ Kh7 58. Qxa5 $18) 50. Kd3 $1 Rc6 (50... Ra3 51. Kc4) 51. Qg8+ Kh6
52. Ba5 Rxa5 53. Qh8+ Kg6 54. Qe8+ $18) 46. Bc3 Rc5 47. Kb2 Rcc6 48. Qg8+ {
In this stage I didn't see the winning plan, but I was sure, that "during the
checks" I will find it.} Kh6 49. Qf8+ Kh7 50. Qe7+ Kh6 51. Qf6+ Kh7 52. Qf5+ (
52. Qf7+ $144) 52... Kh6 53. Qe6+ Kg5 (53... Kg7 54. Qd7+ Kh6 55. Ba5 $1 $18) {
[%tqu "En","Find the best move for white.","","","c3a5","",15]} 54. Ba5 $1 {
[%cal Ra5d8] That's the point! Black have to take the bishop and lose one of
the rooks.} Rxa5 55. Qg8+ $1 Kh6 56. Qh8+ Kg6 ({Nice mate after} 56... Kg5 57.
Qg7#) 57. Qe8+ Kg5 58. Qxc6 {The rest is simple.} h3 59. gxh3 Kh4 60. Qb6 Kxh3
$6 61. Qxa5 Kg3 62. Qe1+ Kxf3 63. Kc2 Kg2 64. Kd2 1-0